[Event "Oberliga Ost A 2016 2017"]
[Site "Germany"]
[Date "2017.02.18"]
[Round "6.8"]
[White "Vlckova, Katerina"]
[Black "Schultz, Andreas"]
[Result "1/2-1/2"]
[WhiteElo "1924"]
[BlackElo "2238"]
[PlyCount "128"]
[EventDate "2016.10.16"]
[EventType "team-tourn"]
[EventCountry "GER"]
[WhiteTeam "Aue ESV Nickelhuette II"]
[BlackTeam "Leipzig SG"]
[WhiteTeamCountry "GER"]
[BlackTeamCountry "GER"]

1. d4 Nf6 2. c4 g6 3. Nf3 Bg7 4. g3 d6 5. Bg2 O-O 6. O-O Nc6 7. Nc3 Rb8 8. b3
a6 9. Bb2 b5 10. cxb5 axb5 11. e3 b4 12. Ne2 Na7 13. Rc1 c6 14. Nd2 d5 15. Qc2
Nd7 16. e4 Ba6 17. Rfe1 e6 18. Nf4 Qb6 19. exd5 cxd5 20. Qc7 Nf6 21. Qxb6 Rxb6
22. a4 Rfb8 23. Rc7 R6b7 24. Rec1 Ne8 25. Rxb7 Rxb7 26. Bf1 Bxf1 27. Kxf1 Rc7
28. Rxc7 Nxc7 29. Nd3 Na6 30. Nf3 Kf8 31. Nfe1 Nc6 32. Nc2 Ke8 33. Ke2 Kd7 34.
Ke3 f6 35. f4 Bf8 36. Ke2 Na5 37. Nc1 Bd6 38. Ne3 h5 39. Kd3 Bc7 40. Kc2 Nc6
41. Kd2 Bb6 42. Nc2 Na5 43. Kd3 Nb7 44. Na2 Na5 45. Naxb4 Nxb4+ 46. Nxb4 Nxb3
47. Nc2 Na5 48. Ne3 Nc6 49. Bc3 Kc7 50. h3 Kd6 51. g4 e5 52. fxe5+ fxe5 53.
dxe5+ Nxe5+ 54. Bxe5+ Kxe5 55. Ng2 hxg4 56. hxg4 Bd8 57. a5 g5 58. a6 Bb6 59.
Ne3 Ba7 60. Nf5 Kf4 61. Ne7 Kxg4 62. Nxd5 Kf3 63. Nf6 Bg1 64. Kc4 g4 1/2-1/2

[Event "Oberliga Ost A 2016 2017"]
[Site "Germany"]
[Date "2017.02.18"]
[Round "6.1"]
[White "Vogel, Roven"]
[Black "Mueller, Richard"]
[Result "1-0"]
[WhiteElo "2426"]
[BlackElo "2170"]
[PlyCount "43"]
[EventDate "2016.10.16"]
[EventType "team-tourn"]
[EventCountry "GER"]
[WhiteTeam "Dresden USV TU II"]
[BlackTeam "Coswig TuS"]
[WhiteTeamCountry "GER"]
[BlackTeamCountry "GER"]

1. d4 Nf6 2. c4 g6 3. Nc3 d5 4. cxd5 Nxd5 5. e4 Nxc3 6. bxc3 Bg7 7. Nf3 O-O 8.
Be2 c5 9. Rb1 cxd4 10. cxd4 b6 11. O-O Bb7 12. d5 Nd7 13. Be3 Nf6 14. Rb4 Kh8
15. Qd2 e6 16. Bg5 Qb8 17. dxe6 Nxe4 18. Qe3 Nxg5 19. Nxg5 fxe6 20. Rh4 Bd5 21.
Nxh7 Qd8 22. Nf6+ 1-0

[Event "Oberliga Ost A 2016 2017"]
[Site "Germany"]
[Date "2017.02.18"]
[Round "6.2"]
[White "Pietsch, Michael"]
[Black "Moehn, Hans"]
[Result "0-1"]
[WhiteElo "2146"]
[BlackElo "2413"]
[PlyCount "80"]
[EventDate "2016.10.16"]
[EventType "team-tourn"]
[EventCountry "GER"]
[WhiteTeam "Coswig TuS"]
[BlackTeam "Dresden USV TU II"]
[WhiteTeamCountry "GER"]
[BlackTeamCountry "GER"]

1. d4 Nf6 2. c4 g6 3. g3 Bg7 4. Bg2 O-O 5. Nc3 d6 6. Nf3 Nc6 7. O-O a6 8. Qd3
Bf5 9. e4 Bg4 10. Be3 Nd7 11. Ne1 e5 12. d5 Nd4 13. f3 Nc5 14. Qd1 Bc8 15. b4
Nd7 16. Nc2 a5 17. bxa5 Nxc2 18. Qxc2 Rxa5 19. Bh3 Nb6 20. Bxb6 cxb6 21. Bxc8
Qxc8 22. Qd3 Qc5+ 23. Kh1 Rc8 24. Nb5 Ra4 25. Rfc1 Bf8 26. Rc2 Rxc4 27. Rxc4
Qxc4 28. Qxc4 Rxc4 29. Rb1 f5 30. exf5 gxf5 31. Na7 e4 32. fxe4 fxe4 33. Rxb6
e3 34. Kg2 Rc2+ 35. Kf3 Bh6 36. Rxd6 Rf2+ 37. Kg4 e2 38. Re6 Bd2 39. Nc8 e1=Q
40. Ne7+ Kf7 0-1

[Event "Oberliga Ost A 2016 2017"]
[Site "Germany"]
[Date "2017.02.18"]
[Round "6.3"]
[White "Wegener, Dirk"]
[Black "Escher, Thomas"]
[Result "1-0"]
[WhiteElo "2349"]
[BlackElo "2181"]
[PlyCount "67"]
[EventDate "2016.10.16"]
[EventType "team-tourn"]
[EventCountry "GER"]
[WhiteTeam "Dresden USV TU II"]
[BlackTeam "Coswig TuS"]
[WhiteTeamCountry "GER"]
[BlackTeamCountry "GER"]

1. e4 e5 2. Nf3 Nf6 3. Nc3 Bb4 4. Bc4 d6 5. Nd5 Ba5 6. O-O c6 7. Nxf6+ Qxf6 8.
a4 Bg4 9. Ra3 Nd7 10. d4 h6 11. h3 Bh5 12. g4 Bg6 13. b4 Nb6 14. dxe5 dxe5 15.
Bxf7+ Bxf7 16. bxa5 Nc4 17. Rd3 Bg6 18. a6 b6 19. Qe2 O-O 20. Rfd1 Qe6 21. Nh4
Be8 22. Nf5 c5 23. Rc3 Na5 24. Rd6 Qa2 25. Kg2 Qxa4 26. Nxg7 Bc6 27. f3 Bb5 28.
Qd2 Rf4 29. Qd5+ Rf7 30. Qxa8+ Kxg7 31. Bxh6+ Kh7 32. Be3 Be8 33. Re6 Nc4 34.
Qxe8 1-0

[Event "Oberliga Ost A 2016 2017"]
[Site "Germany"]
[Date "2017.02.18"]
[Round "6.4"]
[White "Klawa, Patrick"]
[Black "Gungl, Theo"]
[Result "0-1"]
[WhiteElo "2187"]
[BlackElo "2326"]
[PlyCount "72"]
[EventDate "2016.10.16"]
[EventType "team-tourn"]
[EventCountry "GER"]
[WhiteTeam "Coswig TuS"]
[BlackTeam "Dresden USV TU II"]
[WhiteTeamCountry "GER"]
[BlackTeamCountry "GER"]

1. e4 c5 2. Nf3 d6 3. g3 Nc6 4. Bg2 g6 5. O-O Bg7 6. c3 e5 7. Na3 Nge7 8. Nc2
Qb6 9. Ne3 O-O 10. Nh4 Bf6 11. f4 exf4 12. Rxf4 Bg7 13. Rf2 Ne5 14. d3 Bd7 15.
Rb1 Qa6 16. Bf1 Qxa2 17. Bd2 Qe6 18. Be2 d5 19. d4 cxd4 20. cxd4 Nc4 21. e5
Nxe3 22. Bxe3 f6 23. Nf3 Nc6 24. Qb3 fxe5 25. Ng5 Qd6 26. Ne4 Na5 27. Qa2 Qb6
28. Nc5 Bc6 29. b4 exd4 30. Rxf8+ Rxf8 31. Ne6 Nc4 32. Bxc4 dxe3 33. Nxf8 e2+
34. Kg2 dxc4+ 35. Kh3 Kxf8 36. Qxc4 Qf2 0-1

[Event "Oberliga Ost A 2016 2017"]
[Site "Germany"]
[Date "2017.02.18"]
[Round "6.5"]
[White "Salzmann, Peter"]
[Black "Hofmann, Rares"]
[Result "0-1"]
[WhiteElo "2136"]
[BlackElo "2081"]
[PlyCount "86"]
[EventDate "2016.10.16"]
[EventType "team-tourn"]
[EventCountry "GER"]
[WhiteTeam "Dresden USV TU II"]
[BlackTeam "Coswig TuS"]
[WhiteTeamCountry "GER"]
[BlackTeamCountry "GER"]

1. d4 d5 2. Bf4 Nf6 3. e3 c5 4. c3 Nc6 5. Be2 Qb6 6. Qb3 c4 7. Qc2 Bf5 8. Qc1
e6 9. Nd2 Be7 10. f3 Nh5 11. Bg3 Nxg3 12. hxg3 Qc7 13. f4 O-O-O 14. b3 cxb3 15.
axb3 g5 16. c4 gxf4 17. gxf4 Rhg8 18. cxd5 exd5 19. Bf3 Rge8 20. Nf1 Bf6 21.
Kf2 Nxd4 22. Qxc7+ Kxc7 23. Rxa7 Nxb3 24. g4 Bd3 25. Ra3 Nc5 26. Rh5 Bb2 27.
Ra2 Bc4 28. Rxb2 Nd3+ 29. Kg2 Nxb2 30. Rxh7 Bxf1+ 31. Kxf1 Rd7 32. g5 Nc4 33.
Ne2 Nxe3+ 34. Kf2 Nd1+ 35. Kg3 d4 36. Nxd4 Rxd4 37. Rxf7+ Kd8 38. g6 Ne3 39. g7
Rd7 40. Bh5 Rxf7 41. Bxf7 Nf5+ 42. Kf3 Nxg7 43. Bxe8 Nxe8 0-1

[Event "Oberliga Ost A 2016 2017"]
[Site "Germany"]
[Date "2017.02.18"]
[Round "6.6"]
[White "Poenisch, Eckehard"]
[Black "Clopes Llahi, Judit"]
[Result "0-1"]
[WhiteElo "2166"]
[BlackElo "2121"]
[PlyCount "74"]
[EventDate "2016.10.16"]
[EventType "team-tourn"]
[EventCountry "GER"]
[WhiteTeam "Coswig TuS"]
[BlackTeam "Dresden USV TU II"]
[WhiteTeamCountry "GER"]
[BlackTeamCountry "GER"]

1. e4 c5 2. Nf3 a6 3. c3 d5 4. exd5 Qxd5 5. d4 Nf6 6. Be2 e6 7. O-O Nc6 8. h3
cxd4 9. cxd4 Be7 10. Be3 O-O 11. Nc3 Qd6 12. a3 b5 13. b4 Bb7 14. Qb3 Rfd8 15.
Rac1 h6 16. Rfd1 Rac8 17. Rc2 Bf8 18. Rdc1 g6 19. Bf1 Bg7 20. Ne2 Nd5 21. Qd3
Nde7 22. Qb3 Nf5 23. Rd2 Nce7 24. Rxc8 Rxc8 25. Ne1 Nd5 26. Nc2 Bf6 27. Ne1 Bd8
28. Qd3 Bc7 29. g3 Ndxe3 30. fxe3 Nxg3 31. Bg2 Bxg2 32. Nxg2 Nxe2+ 33. Qxe2
Qh2+ 34. Kf1 Qh1+ 35. Kf2 Qxh3 36. Qf1 Qg4 37. Qe2 Bg3+ 0-1

[Event "Oberliga Ost A 2016 2017"]
[Site "Germany"]
[Date "2017.02.18"]
[Round "6.7"]
[White "Ader, Gunter"]
[Black "Poenisch, Johannes"]
[Result "1/2-1/2"]
[WhiteElo "2023"]
[BlackElo "1988"]
[PlyCount "111"]
[EventDate "2016.10.16"]
[EventType "team-tourn"]
[EventCountry "GER"]
[WhiteTeam "Dresden USV TU II"]
[BlackTeam "Coswig TuS"]
[WhiteTeamCountry "GER"]
[BlackTeamCountry "GER"]

1. e4 c5 2. Nf3 e6 3. d4 cxd4 4. Nxd4 Nf6 5. Nc3 Nc6 6. Be3 Bb4 7. f3 d5 8. Bb5
Bd7 9. Bxc6 bxc6 10. e5 Ng8 11. Nb3 Qh4+ 12. g3 Qh5 13. f4 Qxd1+ 14. Rxd1 Nh6
15. O-O Nf5 16. Bf2 Bc8 17. Ne2 Ba6 18. Nbc1 Ba5 19. c3 Bb6 20. Rfe1 Ne3 21.
Rd2 Nc4 22. Rc2 h5 23. Nd4 Kd7 24. a4 Bd8 25. Nd3 Be7 26. Nb3 Bc8 27. Nbc5+ Kc7
28. b3 Nb6 29. a5 Nd7 30. b4 Bxc5 31. Bxc5 Ba6 32. Bd6+ Kc8 33. Nb2 Bb5 34. c4
dxc4 35. Nxc4 Bxc4 36. Rxc4 Kb7 37. Rd1 Rac8 38. Rdc1 a6 39. Kf2 Nf8 40. Rd1
Ng6 41. Rcd4 Rhd8 42. Bc5 Rxd4 43. Rxd4 Rc7 44. Ke3 Kc8 45. Kd3 Rd7 46. Bd6 Ne7
47. Bxe7 Rxe7 48. Kc4 Rd7 49. Rxd7 Kxd7 50. Kc5 Kc7 51. h3 f6 52. Kd4 Kd7 53.
g4 fxe5+ 54. Kxe5 hxg4 55. hxg4 Ke7 56. Ke4 1/2-1/2

[Event "Oberliga Ost A 2016 2017"]
[Site "Germany"]
[Date "2017.02.18"]
[Round "6.8"]
[White "Piotraschke, Jens"]
[Black "Oehl, Tim"]
[Result "1-0"]
[WhiteElo "2142"]
[BlackElo "2126"]
[PlyCount "103"]
[EventDate "2016.10.16"]
[EventType "team-tourn"]
[EventCountry "GER"]
[WhiteTeam "Coswig TuS"]
[BlackTeam "Dresden USV TU II"]
[WhiteTeamCountry "GER"]
[BlackTeamCountry "GER"]

1. d4 e6 2. c4 f5 3. Nf3 Nf6 4. g3 Be7 5. Bg2 d6 6. O-O O-O 7. Nc3 Ne4 8. Nxe4
fxe4 9. Nd2 d5 10. f3 Nc6 11. fxe4 Rxf1+ 12. Nxf1 dxc4 13. d5 Ne5 14. Bf4 Bf6
15. Ne3 Qe7 16. Kh1 Qc5 17. Rc1 b5 18. Qd2 Rb8 19. b3 Ng6 20. Ng4 e5 21. Nxf6+
gxf6 22. Be3 Qa3 23. h3 Bd7 24. Qc2 Rb7 25. Kh2 Nh8 26. Rf1 Kg7 27. Bc1 Qb4 28.
Bd2 Qa3 29. Rf3 cxb3 30. Rxb3 Qa4 31. Qc5 Nf7 32. Qe7 c5 33. Rf3 Qa6 34. Bg5 f5
35. exf5 Bxf5 36. Qxc5 Qd6 37. Qe3 h6 38. Bh4 Bg6 39. Rf6 Qb4 40. Rc6 Qd4 41.
Qxd4 exd4 42. Bf6+ Kh7 43. Bxd4 a5 44. e4 b4 45. d6 a4 46. e5 b3 47. axb3 axb3
48. Rc7 Rb4 49. Bb2 Kg8 50. e6 Nxd6 51. Rg7+ Kf8 52. e7+ 1-0

[Event "Oberliga Ost A 2016 2017"]
[Site "Germany"]
[Date "2017.02.18"]
[Round "6.1"]
[White "Lechtynsky, Jiri"]
[Black "Zwahr, Paul"]
[Result "1/2-1/2"]
[WhiteElo "2354"]
[BlackElo "2318"]
[PlyCount "33"]
[EventDate "2016.10.16"]
[EventType "team-tourn"]
[EventCountry "GER"]
[WhiteTeam "Hoyerswerda FVS ASP"]
[BlackTeam "Dresden SG Gruen Weiss"]
[WhiteTeamCountry "GER"]
[BlackTeamCountry "GER"]

1. d4 d5 2. Nf3 Nf6 3. c4 dxc4 4. e3 Bg4 5. Bxc4 e6 6. h3 Bh5 7. Nc3 Nc6 8. Be2
Bd6 9. O-O O-O 10. b3 a6 11. Bb2 Qe7 12. Ne5 Bxe2 13. Nxc6 Bxd1 14. Nxe7+ Bxe7
15. Rfxd1 Rfd8 16. Rac1 Rd7 17. Kf1 1/2-1/2

[Event "Oberliga Ost A 2016 2017"]
[Site "Germany"]
[Date "2017.02.18"]
[Round "6.2"]
[White "Gehmlich, Marcel"]
[Black "Orsag, Milan"]
[Result "1/2-1/2"]
[WhiteElo "2194"]
[BlackElo "2332"]
[PlyCount "51"]
[EventDate "2016.10.16"]
[EventType "team-tourn"]
[EventCountry "GER"]
[WhiteTeam "Dresden SG Gruen Weiss"]
[BlackTeam "Hoyerswerda FVS ASP"]
[WhiteTeamCountry "GER"]
[BlackTeamCountry "GER"]

1. c4 e6 2. Nf3 d5 3. b3 Nf6 4. Bb2 Be7 5. g3 O-O 6. Bg2 c5 7. cxd5 exd5 8. O-O
Nc6 9. d4 Ne4 10. dxc5 Bxc5 11. e3 Bg4 12. h3 Bh5 13. Nc3 Nxc3 14. Bxc3 Qd6 15.
g4 Bg6 16. Nh4 Rad8 17. Nxg6 Qxg6 18. b4 Nxb4 19. Bxb4 Bxb4 20. Qb3 Bc5 21.
Rad1 h5 22. gxh5 Qxh5 23. Rxd5 Rxd5 24. Qxd5 Qxd5 25. Bxd5 b6 26. Rd1 1/2-1/2

[Event "Oberliga Ost A 2016 2017"]
[Site "Germany"]
[Date "2017.02.18"]
[Round "6.3"]
[White "Jahnel, Guenther"]
[Black "Zimmermann, Rene"]
[Result "1/2-1/2"]
[WhiteElo "2270"]
[BlackElo "2140"]
[PlyCount "125"]
[EventDate "2016.10.16"]
[EventType "team-tourn"]
[EventCountry "GER"]
[WhiteTeam "Hoyerswerda FVS ASP"]
[BlackTeam "Dresden SG Gruen Weiss"]
[WhiteTeamCountry "GER"]
[BlackTeamCountry "GER"]

1. d4 d5 2. Nf3 c6 3. g3 Nf6 4. Bg2 Bg4 5. O-O Nbd7 6. b3 e6 7. Bb2 Be7 8. Nbd2
O-O 9. c4 a5 10. a4 Rc8 11. Rc1 b6 12. e3 Ne4 13. h3 Nxd2 14. Qxd2 Bf5 15. cxd5
exd5 16. Ne5 Nb8 17. Rfd1 Bd6 18. Qe2 Qe7 19. Qh5 Be6 20. Bf1 g6 21. Qe2 f6 22.
Nd3 Rce8 23. Nf4 Bc8 24. Qd2 g5 25. Ne2 f5 26. Re1 Qg7 27. Nc3 f4 28. g4 f3 29.
e4 Bf4 30. Qd1 Bxg4 31. exd5 Bd7 32. Rxe8 Bxe8 33. Ba3 g4 34. Bxf8 Kxf8 35. Kh1
Bxc1 36. Qxc1 Qxd4 37. Qh6+ Ke7 38. Qe6+ Kd8 39. d6 Qg7 40. Qe3 Nd7 41. hxg4
Qf6 42. Ne4 Qh4+ 43. Kg1 Qxg4+ 44. Ng3 Qg7 45. Qxf3 Nc5 46. Bg2 Qa1+ 47. Nf1
Qe5 48. Ne3 Qxd6 49. Nc4 Qe6 50. Qg3 Nd7 51. Kh2 Qh6+ 52. Bh3 Bf7 53. Qg4 Nf6
54. Qd4+ Nd5 55. Qh8+ Ke7 56. Qe5+ Kf8 57. Nxb6 Qf4+ 58. Kg1 Qxe5 59. Nd7+ Kg7
60. Nxe5 Nf4 61. Bf1 Bxb3 62. Nxc6 Bxa4 63. Nxa5 1/2-1/2

[Event "Oberliga Ost A 2016 2017"]
[Site "Germany"]
[Date "2017.02.18"]
[Round "6.4"]
[White "Nake, Matthias"]
[Black "Kesik, Klaus Dieter"]
[Result "1/2-1/2"]
[WhiteElo "2217"]
[BlackElo "2220"]
[PlyCount "116"]
[EventDate "2016.10.16"]
[EventType "team-tourn"]
[EventCountry "GER"]
[WhiteTeam "Dresden SG Gruen Weiss"]
[BlackTeam "Hoyerswerda FVS ASP"]
[WhiteTeamCountry "GER"]
[BlackTeamCountry "GER"]

1. e4 Nf6 2. e5 Nd5 3. d4 d6 4. c4 Nb6 5. exd6 cxd6 6. Bf4 g6 7. Qd2 Nc6 8. h3
Bg7 9. Nf3 O-O 10. Bh6 d5 11. Bxg7 Kxg7 12. c5 Nd7 13. Bb5 Nf6 14. Nc3 Bd7 15.
O-O a6 16. Bxc6 Bxc6 17. Ne5 Qc7 18. Rfe1 a5 19. Qe2 Rfe8 20. a4 Rac8 21. Nb5
Qb8 22. Rac1 b6 23. Nxc6 Rxc6 24. cxb6 Qxb6 25. Rxc6 Qxc6 26. Qd2 Ne4 27. Qc1
Qf6 28. f3 Ng3 29. Qc7 Nf5 30. Qd7 Qh4 31. Re5 Kf8 32. Qxd5 Rc8 33. Nc3 Qg5 34.
Re1 Qd2 35. Qe5 f6 36. Qe4 Qxb2 37. Nd5 Rc2 38. Nf4 Qxd4+ 39. Qxd4 Nxd4 40. Nd5
Nf5 41. Re4 Rc5 42. Nb6 Kf7 43. Rc4 Re5 44. Kf2 Ne3 45. Rc7 f5 46. Nd7 Nd1+ 47.
Kf1 Rd5 48. Nb6 Rd4 49. Ra7 f4 50. Rxa5 Ne3+ 51. Ke2 Rd6 52. Rb5 Rc6 53. a5
Rc2+ 54. Kd3 Ra2 55. Rb4 Rxa5 56. Rxf4+ Nf5 57. g4 e5 58. Ra4 Rxa4 1/2-1/2

[Event "Oberliga Ost A 2016 2017"]
[Site "Germany"]
[Date "2017.02.18"]
[Round "6.5"]
[White "Graf, Roland"]
[Black "Hutsch, Oliver"]
[Result "0-1"]
[WhiteElo "2140"]
[BlackElo "2119"]
[PlyCount "50"]
[EventDate "2016.10.16"]
[EventType "team-tourn"]
[EventCountry "GER"]
[WhiteTeam "Hoyerswerda FVS ASP"]
[BlackTeam "Dresden SG Gruen Weiss"]
[WhiteTeamCountry "GER"]
[BlackTeamCountry "GER"]

1. e4 c6 2. d4 d5 3. e5 Bf5 4. Nf3 e6 5. Be2 Nd7 6. O-O Ne7 7. Nbd2 h6 8. Re1
a6 9. h3 Bh7 10. Nb3 Rc8 11. c4 dxc4 12. Bxc4 Nd5 13. a3 b5 14. Bd3 Bxd3 15.
Qxd3 c5 16. dxc5 Nxc5 17. Nxc5 Bxc5 18. b4 Bb6 19. Bb2 O-O 20. Red1 Qe7 21.
Rac1 Qa7 22. Bd4 Rxc1 23. Rxc1 Nf4 24. Qe3 Bxd4 25. Qxf4 Bxf2+ 0-1

[Event "Oberliga Ost A 2016 2017"]
[Site "Germany"]
[Date "2017.02.18"]
[Round "6.6"]
[White "Kunze, Christopher"]
[Black "Boehm, Robert"]
[Result "1/2-1/2"]
[WhiteElo "2085"]
[BlackElo "2133"]
[PlyCount "55"]
[EventDate "2016.10.16"]
[EventType "team-tourn"]
[EventCountry "GER"]
[WhiteTeam "Dresden SG Gruen Weiss"]
[BlackTeam "Hoyerswerda FVS ASP"]
[WhiteTeamCountry "GER"]
[BlackTeamCountry "GER"]

1. e4 c5 2. Nc3 Nc6 3. g3 g6 4. Bg2 Bg7 5. d3 d6 6. f4 e6 7. Nf3 Nge7 8. O-O
O-O 9. Be3 b6 10. d4 Ba6 11. Rf2 Qc7 12. Rd2 Rad8 13. a4 cxd4 14. Nxd4 Nxd4 15.
Bxd4 Bxd4+ 16. Rxd4 Qc5 17. Kh1 Nc6 18. Rd2 Na5 19. Qc1 Nc4 20. Rd3 Na5 21. Rf3
Rc8 22. h4 Bb7 23. Rb1 Qb4 24. Rd3 Ba6 25. Rd1 Nc4 26. Rd3 Na5 27. Rd1 Nc4 28.
Rd3 1/2-1/2

[Event "Oberliga Ost A 2016 2017"]
[Site "Germany"]
[Date "2017.02.18"]
[Round "6.7"]
[White "Schuh, Ruediger"]
[Black "Butscher, Daniel"]
[Result "1/2-1/2"]
[WhiteElo "2026"]
[BlackElo "2035"]
[PlyCount "99"]
[EventDate "2016.10.16"]
[EventType "team-tourn"]
[EventCountry "GER"]
[WhiteTeam "Hoyerswerda FVS ASP"]
[BlackTeam "Dresden SG Gruen Weiss"]
[WhiteTeamCountry "GER"]
[BlackTeamCountry "GER"]

1. d4 Nf6 2. c4 e6 3. Nc3 Bb4 4. Qc2 O-O 5. e4 d5 6. e5 Ne4 7. Bd3 c5 8. a3
Bxc3+ 9. bxc3 Nc6 10. Ne2 cxd4 11. cxd4 Qa5+ 12. Kf1 f6 13. exf6 Nxf6 14. f4
Bd7 15. Bd2 Qc7 16. c5 Rae8 17. Kg1 Bc8 18. h3 Kh8 19. Rf1 g5 20. fxg5 Nh5 21.
Rxf8+ Rxf8 22. g6 hxg6 23. Bxg6 Ng3 24. Nxg3 Qxg3 25. Qd3 Qf2+ 26. Kh2 Nxd4 27.
Bc3 Qf4+ 28. Qg3 e5 29. Qxf4 Rxf4 30. Re1 Kg7 31. Bb1 Kf6 32. Kg1 Bf5 33. Ba2
Bd3 34. Bxd5 Ne2+ 35. Rxe2 Bxe2 36. Bxb7 Rf1+ 37. Kh2 Rc1 38. Bb4 Bb5 39. g4
Ke6 40. Kg3 Kd7 41. Be4 Bc6 42. Bf5+ Ke7 43. h4 Rf1 44. h5 Kf6 45. h6 Rg1+ 46.
Kf2 Rg2+ 47. Ke3 Rg3+ 48. Ke2 Rg2+ 49. Ke3 Rg3+ 50. Ke2 1/2-1/2

[Event "Oberliga Ost A 2016 2017"]
[Site "Germany"]
[Date "2017.02.18"]
[Round "6.8"]
[White "Rudolf, Matthias"]
[Black "Heyme, Sibylle"]
[Result "1-0"]
[WhiteElo "2069"]
[BlackElo "2036"]
[PlyCount "103"]
[EventDate "2016.10.16"]
[EventType "team-tourn"]
[EventCountry "GER"]
[WhiteTeam "Dresden SG Gruen Weiss"]
[BlackTeam "Hoyerswerda FVS ASP"]
[WhiteTeamCountry "GER"]
[BlackTeamCountry "GER"]

1. e4 d6 2. d4 Nf6 3. Nc3 g6 4. Be3 c6 5. Qd2 b5 6. Bd3 Qc7 7. h3 Nbd7 8. Nf3
Bb7 9. O-O e5 10. dxe5 dxe5 11. Ne2 Bg7 12. a4 a6 13. Ng3 h6 14. c4 bxa4 15. c5
O-O 16. Rxa4 Kh7 17. Rfa1 Nb8 18. Qc3 Re8 19. Nd2 Rd8 20. Nc4 Ne8 21. Na5 Bc8
22. Bc4 Qd7 23. Qb3 f5 24. Rb4 f4 25. Rxb8 Rxb8 26. Qxb8 fxe3 27. fxe3 Nc7 28.
Nb7 Rf8 29. Nd6 h5 30. Ra3 h4 31. Nh1 Ne6 32. b4 Ng5 33. Nf2 Kh8 34. Rd3 Kh7
35. Ng4 a5 36. Nf5 Qe8 37. Nxg7 Kxg7 38. Qc7+ Kh8 39. Nxe5 axb4 40. Qd6 Ne6 41.
Nxc6 Qf7 42. Rd2 Qf6 43. Nd4 Rd8 44. Rf2 Qg5 45. Nxe6 Bxe6 46. Qxe6 Rd1+ 47.
Bf1 Qxe3 48. Qf6+ Kh7 49. Qxh4+ Kg8 50. Qf4 Qxc5 51. Qf7+ Kh8 52. Qf8+ 1-0

[Event "Oberliga Ost A 2016 2017"]
[Site "Germany"]
[Date "2017.02.18"]
[Round "6.1"]
[White "Fodor, Tamas Jr"]
[Black "Paul, Johannes"]
[Result "1-0"]
[WhiteElo "2511"]
[BlackElo "2297"]
[PlyCount "145"]
[EventDate "2016.10.16"]
[EventType "team-tourn"]
[EventCountry "GER"]
[WhiteTeam "Halle USV"]
[BlackTeam "Magdeburg SG Aufbau Elbe"]
[WhiteTeamCountry "GER"]
[BlackTeamCountry "GER"]

1. d4 Nf6 2. c4 e6 3. Nc3 Bb4 4. Qc2 c5 5. dxc5 Bxc5 6. Nf3 Qb6 7. e3 Qc7 8.
Be2 a6 9. O-O b6 10. e4 Nc6 11. Bg5 Bb7 12. Rad1 O-O 13. Qd2 Rfd8 14. Bxf6 gxf6
15. Qh6 Be7 16. Rd3 Nb4 17. Rd2 Kh8 18. a3 Nc6 19. Qh5 Kg7 20. Rd3 Rg8 21. Rfd1
d6 22. Nh4 Kh8 23. Qxf7 Ne5 24. Qxe6 Nxd3 25. Rxd3 Bc8 26. Qf7 Bd8 27. Qd5 Ra7
28. Qxd6 Qxd6 29. Rxd6 Rd7 30. Rxd7 Bxd7 31. Nd5 Re8 32. Bd3 f5 33. Nxf5 Bxf5
34. exf5 Re1+ 35. Bf1 Rb1 36. b4 Ra1 37. c5 bxc5 38. bxc5 a5 39. a4 Rc1 40. g4
Rxc5 41. Nf4 Rc2 42. Bb5 Bh4 43. Nd3 Kg7 44. Kg2 Kf6 45. Kf3 h6 46. h3 Kg5 47.
Ke3 Kf6 48. Bd7 Bg5+ 49. Ke4 Bh4 50. Kf3 Ke7 51. Bb5 Kf6 52. Ke3 Ra2 53. Bc6
Rc2 54. Bd5 Rc3 55. f3 Ra3 56. Bc6 Rc3 57. Bb5 Rc2 58. Kd4 Bg3 59. Kd5 Rd2 60.
Kc6 Rc2+ 61. Kb6 Bc7+ 62. Kb7 Bg3 63. Ka6 Bc7 64. h4 Rh2 65. Kb7 Rc2 66. f4 h5
67. g5+ Kxf5 68. Bd7+ Ke4 69. g6 Ke3 70. Bc6 Bd6 71. g7 Kxd3 72. g8=Q Rb2+ 73.
Bb5+ 1-0

[Event "Oberliga Ost A 2016 2017"]
[Site "Germany"]
[Date "2017.02.18"]
[Round "6.2"]
[White "Melamed, Tatjana"]
[Black "Hoepfl, Thomas"]
[Result "1/2-1/2"]
[WhiteElo "2318"]
[BlackElo "2288"]
[PlyCount "68"]
[EventDate "2016.10.16"]
[EventType "team-tourn"]
[EventCountry "GER"]
[WhiteTeam "Magdeburg SG Aufbau Elbe"]
[BlackTeam "Halle USV"]
[WhiteTeamCountry "GER"]
[BlackTeamCountry "GER"]

1. e4 e5 2. Nf3 Nc6 3. Bb5 a6 4. Ba4 Nf6 5. O-O Be7 6. d3 b5 7. Bb3 d6 8. a3
O-O 9. Nc3 h6 10. Be3 Re8 11. h3 Bf8 12. Nd5 Be6 13. Qd2 Bxd5 14. exd5 Ne7 15.
c4 Qb8 16. Bc2 Qb7 17. b3 Nf5 18. Rfe1 Nxe3 19. Rxe3 g6 20. Rae1 Bg7 21. d4
exd4 22. Nxd4 bxc4 23. bxc4 Rxe3 24. Rxe3 Re8 25. Qb4 Qb6 26. Rxe8+ Nxe8 27.
Nc6 Bf6 28. g3 Kf8 29. Kg2 Qxb4 30. axb4 Bc3 31. Kf3 Nf6 32. Ke2 Ng8 33. Kd3
Be1 34. Ke2 Bc3 1/2-1/2

[Event "Oberliga Ost A 2016 2017"]
[Site "Germany"]
[Date "2017.02.18"]
[Round "6.3"]
[White "Reipsch, Jens"]
[Black "Schoene, Maria"]
[Result "1-0"]
[WhiteElo "2222"]
[BlackElo "2273"]
[PlyCount "41"]
[EventDate "2016.10.16"]
[EventType "team-tourn"]
[EventCountry "GER"]
[WhiteTeam "Halle USV"]
[BlackTeam "Magdeburg SG Aufbau Elbe"]
[WhiteTeamCountry "GER"]
[BlackTeamCountry "GER"]

1. e4 c5 2. Nf3 d6 3. c3 Nf6 4. Qc2 g6 5. d4 cxd4 6. cxd4 Bg7 7. Bb5+ Bd7 8.
Bxd7+ Qxd7 9. O-O O-O 10. Nc3 Rc8 11. Bg5 h6 12. Bxf6 Bxf6 13. Rfe1 Bg7 14. e5
e6 15. d5 dxe5 16. Nxe5 Bxe5 17. Rxe5 exd5 18. Rae1 Na6 19. Qd2 d4 20. Nd5 Rc6
21. Qxh6 1-0

[Event "Oberliga Ost A 2016 2017"]
[Site "Germany"]
[Date "2017.02.18"]
[Round "6.4"]
[White "Andre, Gordon"]
[Black "Altstadt, Karl Simon"]
[Result "1/2-1/2"]
[WhiteElo "2235"]
[BlackElo "2002"]
[PlyCount "30"]
[EventDate "2016.10.16"]
[EventType "team-tourn"]
[EventCountry "GER"]
[WhiteTeam "Magdeburg SG Aufbau Elbe"]
[BlackTeam "Halle USV"]
[WhiteTeamCountry "GER"]
[BlackTeamCountry "GER"]

1. d4 Nf6 2. c4 c5 3. d5 b5 4. g3 d6 5. Bg2 g6 6. Nf3 Bg7 7. O-O O-O 8. Re1
Nbd7 9. cxb5 a6 10. bxa6 Bxa6 11. Nc3 Qa5 12. Bg5 Rfb8 13. Rb1 Nb6 14. e4 Nc4
15. Qc2 h6 1/2-1/2

[Event "Oberliga Ost A 2016 2017"]
[Site "Germany"]
[Date "2017.02.18"]
[Round "6.5"]
[White "Liebert, Heinz"]
[Black "Roseneck, Jonas"]
[Result "1-0"]
[WhiteElo "2184"]
[BlackElo "2011"]
[PlyCount "75"]
[EventDate "2016.10.16"]
[EventType "team-tourn"]
[EventCountry "GER"]
[WhiteTeam "Halle USV"]
[BlackTeam "Magdeburg SG Aufbau Elbe"]
[WhiteTeamCountry "GER"]
[BlackTeamCountry "GER"]

1. c4 e5 2. Nc3 Nf6 3. Nf3 Nc6 4. e3 Bb4 5. Nd5 Be7 6. d4 d6 7. Nxe7 Qxe7 8. d5
Nb8 9. Be2 O-O 10. b3 e4 11. Nd4 c5 12. dxc6 bxc6 13. Ba3 Rd8 14. O-O c5 15.
Nb5 Bb7 16. Qc2 Nc6 17. Rad1 Ne5 18. Bb2 a6 19. Nc3 Qe6 20. Na4 Nf3+ 21. Kh1
Ng4 22. h3 Ngh2 23. Nb6 Rab8 24. Rg1 Nxg1 25. Kxg1 Nf3+ 26. gxf3 exf3 27. Bf1
Be4 28. Qc3 Qg6+ 29. Kh2 Rxb6 30. h4 Bf5 31. Rd5 h6 32. Rxf5 d5 33. h5 Qg4 34.
Bh3 d4 35. Bxg4 dxc3 36. Bxc3 Rd1 37. Rxc5 Rc1 38. Rc8+ 1-0